Ketoṭi taraṅgara saṃḷāpa. (Record no. 79311)

MARC details
000 -LEADER
fixed length control field 00600cam a22002411 4500
001 - CONTROL NUMBER
control field sa 68003209
003 - CONTROL NUMBER IDENTIFIER
control field DLC
005 - DATE AND TIME OF LATEST TRANSACTION
control field 20260227112450.0
008 - FIXED-LENGTH DATA ELEMENTS--GENERAL INFORMATION
fixed length control field 890912s1966 ii 000 0 orio
010 ## - LIBRARY OF CONGRESS CONTROL NUMBER
LC control number sa 68003209
035 ## - SYSTEM CONTROL NUMBER
System control number (OCoLC)20330348
040 ## - CATALOGING SOURCE
Original cataloging agency DLC
Transcribing agency WaU
Modifying agency DLC
042 ## - AUTHENTICATION CODE
Authentication code premarc
050 00 - LIBRARY OF CONGRESS CALL NUMBER
Classification number PK2576
Item number .B3
100 1# - MAIN ENTRY--PERSONAL NAME
Personal name Bal, Mrutyunjaya Narayan,
Dates associated with a name 1946-
245 10 - TITLE STATEMENT
Title Ketoṭi taraṅgara saṃḷāpa.
260 ## - PUBLICATION, DISTRIBUTION, ETC.
Date of publication, distribution, etc. [1966]
300 ## - PHYSICAL DESCRIPTION
Extent 11, 52 p.
Dimensions 22 cm.
500 ## - GENERAL NOTE
General note In Oriya.
500 ## - GENERAL NOTE
General note Poems.
650 #0 - SUBJECT ADDED ENTRY--TOPICAL TERM
Topical term or geographic name entry element Oriya poetry.
700 1# - ADDED ENTRY--PERSONAL NAME
Personal name Rāẏa, Apūrba Rañjana.

No items available.

Powered by Koha